Entry Personal Name
Number of records used in: 1
001 - CONTROL NUMBER
003 - CONTROL NUMBER IDENTIFIER
005 - DATE AND TIME OF LATEST TRANSACTION
- control field:
20200120110738.0
008 - FIXED-LENGTH DATA ELEMENTS
- fixed length control field:
040805n| acannaabn |n aaa
010 ## - LIBRARY OF CONGRESS CONTROL NUMBER
- LC control number:
n 2004090082
040 ## - CATALOGING SOURCE
- Original cataloging agency:
DLC
- Language of cataloging:
eng
- Transcribing agency:
DLC
100 1# - HEADING--PERSONAL NAME
- Personal name:
Wolcott, Susan K.
670 ## - SOURCE DATA FOUND
- Source citation:
Eldenburg, Leslie. Cost management, 2004:
- Information found:
CIP t.p. (Susan K. Wolcott; Wolcott, Lynch Assoc.)